Faculty of Law Library — Cairo University

Official Online Catalog

النظام العام الإجرائي ومدى الحماية التي يكفلها له القانون الجنائي : (Record no. 51139)

MARC details
000 -LEADER
fixed length control field 01354nam a2200289 i 4500
003 - CONTROL NUMBER IDENTIFIER
control field EG-GICUC
005 - DATE AND TIME OF LATEST TRANSACTION
control field 20260121101516.0
008 - FIXED-LENGTH DATA ELEMENTS--GENERAL INFORMATION
fixed length control field 251217r20001999ua ||||fr|||| 00| 0 ara d
040 ## - CATALOGING SOURCE
Original cataloging agency EG-GICUC
Language of cataloging ara
Transcribing agency EG-GICUC
Modifying agency EG-GICUC
Description conventions rda
041 0# - LANGUAGE CODE
Language code of text/sound track or separate title ara
082 04 - DEWEY DECIMAL CLASSIFICATION NUMBER
Edition number 21
Classification number 343.3
Item number م ح . ن
092 04 - LOCALLY ASSIGNED DEWEY CALL NUMBER (OCLC)
Edition number 21
099 ## - LOCAL FREE-TEXT CALL NUMBER (OCLC)
Classification number Law1 10 343.3 م ح . ن 2000
100 0# - MAIN ENTRY--PERSONAL NAME
Personal name محمد عيد الغريب
Relator term مؤلف.
245 12 - TITLE STATEMENT
Title النظام العام الإجرائي ومدى الحماية التي يكفلها له القانون الجنائي :
Remainder of title (دراسة تحليلية تأصيلية لمجال النظام العام الإجراء والجزاءات التي تكفل حماية في ضوء أحكام القانوني المصري والفرنسي وآرا و الفقه واحكام القضاء) /
Statement of responsibility, etc. الدكتور محمد عيد غريب.
264 #1 - PRODUCTION, PUBLICATION, DISTRIBUTION, MANUFACTURE, AND COPYRIGHT NOTICE
Place of production, publication, distribution, manufacture {دون مكان نشر} :
Name of producer, publisher, distributor, manufacturer {دون دار نشر}،
Date of production, publication, distribution, manufacture, or copyright notice 2000.
300 ## - PHYSICAL DESCRIPTION
Extent 371 ؛صفحة
Dimensions 24 سم.
336 ## - CONTENT TYPE
Source rda content
Content type term text
337 ## - MEDIA TYPE
Source rda media
Media type term Computer
338 ## - CARRIER TYPE
Source rda carrier
Carrier type term Online Resource
546 ## - LANGUAGE NOTE
Language note النص باللغة العربية
650 14 - SUBJECT ADDED ENTRY--TOPICAL TERM
Topical term or geographic name entry element قانون الإجراءات الجنائية
650 14 - SUBJECT ADDED ENTRY--TOPICAL TERM
Topical term or geographic name entry element القانون الجنائي
856 40 - ELECTRONIC LOCATION AND ACCESS
Uniform Resource Identifier <a href="https://fll.law.cu.edu.eg/fulltext/bks/B10-05666.pdf">https://fll.law.cu.edu.eg/fulltext/bks/B10-05666.pdf</a>
905 ## - Cataloger and Reviser Names
Cataloger Name: Roqaia Ahmed
942 ## - ADDED ENTRY ELEMENTS (KOHA)
Source of classification or shelving scheme Dewey Decimal Classification
Koha item type Books
Edition 21
Suppress in OPAC No
Holdings
Withdrawn status Lost status Source of classification or shelving scheme Damaged status Not for loan Collection Home library Current library Date acquired Total checkouts Full call number Barcode Date last seen Copy number Price effective from Koha item type
    Dewey Decimal Classification يحتاج إلى ترميم Not for loan القانون الجنائي جــــامعة القــاهرة مكتبة كلية الحقوق - المبنى الرئيسي 17.12.2025   Law1 10 343.3 م ح . ن 2000 1005666 C1 B10-05666 17.12.2025 1 17.12.2025 Books
    Dewey Decimal Classification يحتاج إلى ترميم   القانون الجنائي جــــامعة القــاهرة مكتبة كلية الحقوق - المبنى الرئيسي 17.12.2025   Law1 10 343.3 م ح . ن 2000 1005668 C2 B10-05668 17.12.2025 2 17.12.2025 Books
    Dewey Decimal Classification يحتاج إلى ترميم   القانون الجنائي جــــامعة القــاهرة مكتبة كلية الحقوق - فـرع الشيخ زايد 17.12.2025   Law2 10 343.3 م ح . ن 2000 1005667 C3 B10-05667 17.12.2025 3 17.12.2025 Books

© All rights reserved — Faculty of Law, Cairo University